00788na a2200229 450000100060000000300080000600500170001400800410003104000250007204100080009708200220010509000210012724500620014826000380021030000350024865000460028370000250032983000730035494200130042795201030044099900150054319260MIRAKIL20181213155058.0161212b tu 000 0  aMilasbturcTR-AnCHP atur a629.204bO76 1989 a629.204 O76 1989 aOtomotiv sektör raporucHazırlayan Şener Özşahin a[y.y.]bTÜSES Yayınlarıc1989 a76 [20] s.btbl.; grf.c30 sm. aOtomotiv sektörüxRaporlarzTürkiye aÖzşahin, Şener aTürkiye Sosyal Ekonomik Siyasal Araştırmalar Vakfı Yayınları 2ddccBKS a0001b0001d2016-12-12e2l0o629.204 O76 1989p011519r2016-12-12 00:00:00v0.00w2016-12-12yBKS c6167d6167